Indian journal of physics (Record no. 88312)

MARC details
000 -LEADER
fixed length control field 02009cas a2200469 a 4500
001 - CONTROL NUMBER
control field dpl
005 - DATE AND TIME OF LATEST TRANSACTION
control field 20140904160714.0
007 - PHYSICAL DESCRIPTION FIXED FIELD--GENERAL INFORMATION
fixed length control field ta
008 - FIXED-LENGTH DATA ELEMENTS--GENERAL INFORMATION
fixed length control field 041103c20049999ii mr p 0 0eng c
016 7# - NATIONAL BIBLIOGRAPHIC AGENCY CONTROL NUMBER
Record control number 013168526
022 ## - INTERNATIONAL STANDARD SERIAL NUMBER
International Standard Serial Number 0973-1458
Incorrect ISSN 0252-9254
-- 0252-9262
-- 0019-5480
035 ## - SYSTEM CONTROL NUMBER
System control number (OCoLC)ocm56895225
040 ## - CATALOGING SOURCE
Original cataloging agency OU
Language of cataloging eng
Transcribing agency OU
Modifying agency TxCM
-- DLC
-- CLU
-- UKMGB
-- CU-S
-- OCoLC
042 ## - AUTHENTICATION CODE
Authentication code pcc
050 00 - LIBRARY OF CONGRESS CALL NUMBER
Classification number QC1
Item number .I528
130 0# - MAIN ENTRY--UNIFORM TITLE
Uniform title Indian journal of physics
245 10 - TITLE STATEMENT
Title Indian journal of physics
Statement of responsibility, etc edited by A Ghosh
247 ## - FORMER TITLE
Title Proceedings of the Indian Association for the Cultivation of Science
260 ## - PUBLICATION, DISTRIBUTION, ETC. (IMPRINT)
Place of publication, distribution, etc Calcutta :
Name of publisher, distributor, etc Indian Association for the Cultivation of Science,
Date of publication, distribution, etc c2004-
260 ## - PUBLICATION, DISTRIBUTION, ETC. (IMPRINT)
Place of publication, distribution, etc New Delhi
Name of publisher, distributor, etc Springer
300 ## - PHYSICAL DESCRIPTION
Extent v. :
Other physical details ill. ;
Dimensions 28 cm.
310 ## - CURRENT PUBLICATION FREQUENCY
Current publication frequency Monthly
362 0# - DATES OF PUBLICATION AND/OR SEQUENTIAL DESIGNATION
Dates of publication and/or sequential designation Vol. 88, no. 3 (March 2014-
550 ## - ISSUING BODY NOTE
Issuing body note Issued in collaboration with the Indian Physical Society.
580 ## - LINKING ENTRY COMPLEXITY NOTE
Linking entry complexity note Formed by the union of: The Indian journal of physics. Part A, and: The Indian journal of physics. Part B.
590 ## - LOCAL NOTE (RLIN)
Local note Acquired via LC overseas office. New Delhi Field Office. Most recent issues may not yet be available in LC Washington.
650 #0 - SUBJECT ADDED ENTRY--TOPICAL TERM
Topical term or geographic name as entry element Physics
Form subdivision Periodicals.
650 #0 - SUBJECT ADDED ENTRY--TOPICAL TERM
Topical term or geographic name as entry element Science
Form subdivision Periodicals.
700 ## - ADDED ENTRY--PERSONAL NAME
Personal name Ghosh, A
710 2# - ADDED ENTRY--CORPORATE NAME
Corporate name or jurisdiction name as entry element Indian Association for the Cultivation of Science.
710 2# - ADDED ENTRY--CORPORATE NAME
Corporate name or jurisdiction name as entry element Indian Physical Society.
776 08 - ADDITIONAL PHYSICAL FORM ENTRY
Display text Online version:
Title Indian journal of physics and proceedings of the Indian Association for the Cultivation of Science (2004 : Online)
Record control number (DLC) 2004263057
-- (OCoLC)608305086
780 14 - PRECEDING ENTRY
Title Indian journal of physics. Part A
International Standard Serial Number 0252-9262
Record control number (DLC) 85644553
-- (OCoLC)3689333
780 14 - PRECEDING ENTRY
Title Indian journal of physics. Part B
International Standard Serial Number 0252-9254
Record control number (DLC) 85644556
-- (OCoLC)3689359
856 ## - ELECTRONIC LOCATION AND ACCESS
Uniform Resource Identifier <a href="www.springer.com/12648">www.springer.com/12648</a>
906 ## - LOCAL DATA ELEMENT F, LDF (RLIN)
a 7
b cbc
c serials
d 2
e ncip
f 20
g n-oclcserc
942 ## - ADDED ENTRY ELEMENTS (KOHA)
Source of classification or shelving scheme Dewey Decimal Classification
Item type Periodicals
Serial record 1
Holdings
Withdrawn status Lost status Source of classification or shelving scheme Damaged status Not for loan Collection code Home library Current library Date acquired Total Checkouts Date last seen Price effective from Koha item type
    Dewey Decimal Classification   Not For Loan Non-fiction D.B.Act.Division D.B.Act.Division 04/09/2014   04/09/2014 04/09/2014 Periodicals

© Delhi Public Library
Hit Counter
free hit counter